书目信息 |
| 题名: |
最新实用五金手册(修订本)
|
|
| 作者: | 黎桂英 编 | |
| 分册: | ||
| 出版信息: | 广州 广东科技出版社 1996.03 |
|
| 页数: | 1117页 | |
| 开本: | 32开 | |
| 丛书名: | ||
| 单 册: | ||
| 中图分类: | TS91-62 | |
| 科图分类: | ||
| 主题词: | 五金制品--加工工业 | |
| 电子资源: | ||
| ISBN: | 7-5359-1478-0 | |
| 000 | 00592nam0 2200193 45 | |
| 001 | 0009111738 | |
| 005 | 20000911170955.2 | |
| 010 | @a7-5359-1478-0@d36.00元 | |
| 100 | @a20000911d1996 km y0chiy0120 ea | |
| 101 | 0 | @achi |
| 105 | @a z 000yy | |
| 200 | 1 | @a最新实用五金手册(修订本)@AZui Xin Shi Yong Wu Jin Shou Ce(Xiu Ding Ben)@f黎桂英等编@FLi Gui Ying Deng Bian |
| 210 | @a广州@c广东科技出版社@d1996.03 | |
| 215 | @a1117页@d32开 | |
| 606 | 0 | @a五金制品@x加工工业 |
| 690 | @aTS91-62@v3 | |
| 701 | 0 | @a黎桂英@4编 |
| 801 | @aCN@bPftUser@c20000911 | |
| 905 | @b135924-928@dTS91-62@eL913=2@f5 | |
| 最新实用五金手册(修订本)/黎桂英等编.-广州:广东科技出版社,1996.03 |
| 1117页;32开 |
| ISBN 7-5359-1478-0:36.00元 |
| ● |
| 相关链接 |
|
|
|
正题名:最新实用五金手册(修订本)
索取号:TS91-62/L913=2
 
预约/预借
| 序号 | 登录号 | 条形码 | 馆藏地/架位号 | 状态 | 备注 |
| 1 | 135924 | 201359243 | 自科二线504/504自科库 30排4列5层/ [索取号:TS91-62/L913=2] | 在馆 | |
| 2 | 135925 | 201359252 | 自科二线504/504自科库 30排4列5层/ [索取号:TS91-62/L913=2] | 在馆 | |
| 3 | 135926 | 201359261 | 自科库501/501自科库 43排5列1层/ [索取号:TS91-62/L913=2] | 在馆 | |
| 4 | 135927 | 201359270 | 期刊室512/501自科库 43排5列1层/ [索取号:TS91-62/L913=2] | 在馆 | |
| 5 | 135928 | 201359289 | 自科二线504/504自科库 30排4列5层/ [索取号:TS91-62/L913=2] | 在馆 |